Statistics for Royal Air Maroc-Casablanca

Click here to take the quiz!

General Stats

  • This quiz has been taken 22 times
  • The average score is 67 of 96

Answer Stats

Country Airport % Correct
ItalyMilan ( Malpensa )
100%
USANew York
100%
BelgiumBrussels
100%
GermanyBerlin ( Tegel )
100%
ItalyRome
100%
FranceParis ( Orly )
100%
FranceParis ( CDG )
100%
FranceMarseille
100%
EgyptCairo
100%
CanadaMontreal
100%
SpainMadrid
93%
NetherlandsAmsterdam
93%
USAWashington
93%
SwedenStockholm
93%
UKLondon ( Heathrow )
93%
BrazilRio de Janeiro
93%
BrazilSao Paulo
93%
UKLondon ( Gatwick )
93%
RussiaMoscow ( Domodedovo )
87%
QatarDoha
87%
PortugalLisbon
87%
TurkeyIstanbul
87%
SwitzerlandGeneva
87%
LebanonBeirut
87%
SwitzerlandZurich
87%
GreeceAthens
87%
JordanAmman
87%
ItalyVenice
87%
ItalyTurin
87%
SpainBarcelona
87%
UKManchester
87%
Saudi ArabiaRiyadh
87%
AlgeriaAlgiers
87%
DenmarkCopenhagen
87%
FranceBordeaux
87%
GermanyMunich
87%
AustriaVienna
87%
GermanyFrankfurt
87%
FranceNice
87%
MoroccoFez
80%
TunisiaTunis
80%
Saudi ArabiaJeddah
80%
FranceToulouse
80%
USAMiami
80%
ItalyNaples
80%
SpainValencia
73%
SenegalDakar
73%
NigeriaLagos
73%
FranceLyon
73%
Saudi ArabiaMedina
67%
D.R.CongoKinshasa
67%
Sierra LeoneFreetown
67%
PortugalPorto
67%
GhanaAccra
67%
ChadN'Djamena
67%
Central African RepublicBangui
67%
AngolaLuanda
67%
MaliBamako
67%
LiberiaMonrovia
67%
Ivory CoastAbidjan
67%
Guinea BissauBissau
67%
GuineaConakry
67%
CongoBrazzaville
60%
TogoLome
60%
Equatorial GuineaMalabo
60%
Burkina FasoOuagadougou
60%
CameroonYaounde
60%
MauritaniaNouakchott
60%
NigerNiamey
60%
GambiaBanjul
60%
MoroccoTangier
60%
GabonLibreville
60%
MoroccoMarrakech
60%
MoroccoAgadir
60%
FranceNantes
60%
SpainMalaga
53%
Cabo Verde ( Cape Verde )Praia
53%
CameroonDouala
53%
BeninCotonou
47%
ItalyBologna
40%
Morocco ( Western Sahara )El Aaiun
40%
MoroccoOujda
40%
MoroccoTetuan
40%
SpainTenerife
33%
MoroccoErrachidia
33%
Morocco ( Western Sahara )Dakhla
33%
SpainGran Canaria
33%
FranceStrasbourg
33%
MoroccoEssaouira
33%
UKGibraltar
27%
MoroccoBeni Mellal
20%
MoroccoAl Hoceima
20%
MoroccoOuarzazate
20%
MoroccoTan Tan
13%
MoroccoZagora
13%
MoroccoGuelmim
7%

Score Distribution

Percentile by Number Answered

Percent of People with Each Score

Your Score History

You have not taken this quiz